Normal view
MARC view
- Wang, Xiongfei.
Entry Personal Name
001 - CONTROL NUMBER
- control field: 52126
003 - CONTROL NUMBER IDENTIFIER
- control field: OSt
005 - DATE AND TIME OF LATEST TRANSACTION
- control field: 20240208153007.0
008 - FIXED-LENGTH DATA ELEMENTS
- fixed length control field: 240208|| aca||aabn | a|a d
040 ## - CATALOGING SOURCE
- Original cataloging agency: OSt
- Transcribing agency: OSt
100 ## - HEADING--PERSONAL NAME
- Personal name: Wang, Xiongfei.
- Relator term: author.
670 ## - SOURCE DATA FOUND
- Source citation: Work cat.: (OSt): Shen, Zhan. author. 52123, EMI filter robustness in three-level active neutral-point-clamped inverter /, April 2022.
